[Event "7th LCT 2013"]
[Site "Leiden NED"]
[Date "2013.07.12"]
[Round "1.21"]
[White "Van der Hoeven,Gerben"]
[Black "Padurariu,I"]
[Result "0-1"]
[WhiteElo "1962"]
[BlackElo "2208"]

1.e4 c5 2.c3 Nf6 3.e5 Nd5 4.d4 cxd4 5.cxd4 e6 6.Nf3 d6 7.a3 Nc6 8.Nc3 Nxc3
9.bxc3 Qc7 10.Bb5 Bd7 11.Qb3 a6 12.exd6 Bxd6 13.Bd3 Rc8 14.Bd2 Na5 15.Qc2 Nc4
16.Bc1 Nb6 17.Bd2 Ba4 18.Qa2 Nc4 19.Bxc4 Qxc4 20.Qxc4 Rxc4 21.O-O f6 22.g3 Kf7
23.Rfc1 Rhc8 24.Nh4 R4c7 25.f4 g6 26.Kf2 h5 27.Re1 b5 28.Ng2 Rd7 29.Re2 Bc7
30.Rae1 Bb3 31.Ne3 Ba5 32.Rb1 Ba4 33.Ra1 Bb3 34.Rb1 Ba2 35.Ra1 Bc4 36.Ree1 Bd3
37.Rec1 Rdc7 38.Nd1 Bb6 39.Be3 Be4 40.a4 b4 41.cxb4 Rxc1 42.Rxc1 Rxc1 43.Bxc1 Bxd4+
44.Be3 e5 45.Ke2 Ke6 46.Nf2 Bc2 47.Nd3 Kd5 48.fxe5 fxe5 49.Bxd4 exd4 50.b5 a5
51.Nb2 Bb1 52.Nd3 Kc4 53.Ne5+ Kc3 54.b6 d3+ 55.Nxd3 Bxd3+  0-1

[Event "4th Borloy Mem FSGM 2013"]
[Site "Budapest HUN"]
[Date "2013.07.13"]
[Round "7.2"]
[White "Schneider,Ve"]
[Black "Savchenko,S"]
[Result "0-1"]
[WhiteElo "2294"]
[BlackElo "2498"]

1.e4 c5 2.c3 Nf6 3.e5 Nd5 4.Nf3 d6 5.d4 cxd4 6.cxd4 Nc6 7.Bc4 Nb6 8.Bb5 dxe5
9.Nxe5 Bd7 10.Nxd7 Qxd7 11.Nc3 e6 12.O-O Rd8 13.Be3 Be7 14.Qf3 a6 15.Bxc6 Qxc6
16.Qxc6+ bxc6 17.Rac1 Rb8 18.Ne4 Kd7 19.Rfd1 Rb7 20.h3 a5 21.Rc2 a4 22.Rdc1 Rc8
23.Bd2 Nd5 24.Ba5 Ra8 25.Be1 Rab8 26.Bc3 Rb5 27.g3 f5 28.Nd2 Nxc3 29.bxc3 Ba3
30.Rd1 Rb2 31.Rxb2 Bxb2 32.c4 Bc3 33.Nf3 Rb2 34.Rc1 Ba5 35.Ne5+ Kc7 36.d5 Bd2
37.Rd1 exd5 38.cxd5 cxd5 39.Nf3 Bb4 40.Rxd5 Rxa2 41.Ne5 a3 42.Rd7+ Kb6 43.Nc4+ Kc6
44.Rxg7 Ra1+ 45.Kg2 a2 46.Ra7 Kb5 47.Na3+ Kb6 48.Nc2 Kxa7 49.Nxa1 Kb6 50.Kf3 Kc5
51.Ke2 Kc4 52.Nc2 Kc3 53.Kd1 Bc5 54.f3 Bf2 55.g4 f4 56.Kc1 Bh4 57.Kd1 Be7
58.Na1 Ba3 59.Nc2 Bb2  0-1

[Event "7th LCT 2013"]
[Site "Leiden NED"]
[Date "2013.07.13"]
[Round "2.29"]
[White "Serdijn,A"]
[Black "Van der Hoeven,Gerben"]
[Result "0-1"]
[WhiteElo "2048"]
[BlackElo "1962"]

1.e4 c5 2.c3 Nf6 3.e5 Nd5 4.d4 cxd4 5.cxd4 Qc7 6.Nf3 e6 7.a3 d6 8.Bd3 Nc6
9.exd6 Bxd6 10.Bd2 Nf4 11.Bf1 Qb6 12.Nc3 O-O 13.Qc2 Bd7 14.Rd1 Rac8 15.Be3 Nd5
16.Bd3 f5 17.Nxd5 exd5 18.Qb1 f4 19.Bxh7+ Kh8 20.Bc1 Bg4 21.Ng5 Rce8+ 22.Be3 fxe3
23.f3 Qd8 24.h4 Qf6 25.Bg6 Nxd4 26.O-O Qf4  0-1

[Event "22nd Open ch-MKD"]
[Site "Struga MKD"]
[Date "2013.07.13"]
[Round "1.5"]
[White "Dema,Drilon"]
[Black "Nikolov,Sas"]
[Result "0-1"]
[WhiteElo "1713"]
[BlackElo "2402"]

1.e4 c5 2.c3 Nf6 3.e5 Nd5 4.d4 cxd4 5.Nf3 e6 6.cxd4 d6 7.a3 Bd7 8.Bd3 Bc6
9.O-O Nd7 10.Re1 dxe5 11.dxe5 Nc5 12.Bf1 Ba4 13.Qd4 Nb6 14.Qg4 h5 15.Qg3 Nb3
16.Bg5 Qd7 17.Ra2 Nd5 18.Nbd2 Rc8 19.Nxb3 Bxb3 20.Raa1 Bc4 21.Rac1 Bxf1 22.Rxf1 Bc5
23.Nd2 O-O 24.Ne4 Bd4 25.Nf6+ Nxf6 26.Bxf6 g6 27.Qf4 Rxc1 28.Rxc1 Kh7 29.g4 Bxb2
30.Rc4 b5 31.Re4 Bxa3 32.Qf3 Be7 33.gxh5 Rg8 34.hxg6+ Rxg6+ 35.Rg4 Bxf6 36.exf6 Rxf6
37.Qe4+ Rg6 38.h3 f5 39.Rxg6 fxe4  0-1

[Event "MTS GM 2013"]
[Site "Izmir TUR"]
[Date "2013.07.14"]
[Round "4.4"]
[White "Salepci,O"]
[Black "Bagaturov,G"]
[Result "1/2-1/2"]
[WhiteElo "2132"]
[BlackElo "2453"]

1.e4 c5 2.c3 Nf6 3.e5 Nd5 4.d4 cxd4 5.cxd4 d6 6.Nf3 Nc6 7.Bc4 e6 8.O-O Be7
9.Bd2 O-O 10.Nc3 Nb6 11.Bb3 dxe5 12.dxe5 Nd7 13.Bf4 Nc5 14.Bc2 Nb4 15.Bb1 Qxd1
16.Rxd1 Rd8 17.Rxd8+ Bxd8 18.Be3 Be7 19.Bxc5 Bxc5 20.Be4 Be7 21.Rd1 Na6 22.Nd2 Nc5
23.Bf3 Rb8 24.Nc4 Kf8 25.Nb5 Bd7 26.Nxa7 Ra8 27.Nb6 Rxa7 28.Nxd7+ Nxd7 29.Rxd7 Rxa2
30.Kf1 Rxb2 31.Rxb7  1/2-1/2

[Event "Universiade Men"]
[Site "Kazan RUS"]
[Date "2013.07.14"]
[Round "8.21"]
[White "Stanciu,Al"]
[Black "Atabayev,Y"]
[Result "0-1"]
[WhiteElo "2346"]
[BlackElo "2431"]

1.e4 c5 2.c3 Nf6 3.e5 Nd5 4.d4 cxd4 5.Nf3 e6 6.cxd4 d6 7.Bc4 Nc6 8.Qe2 dxe5
9.dxe5 Bb4+ 10.Nbd2 Na5 11.O-O Nxc4 12.Nxc4 O-O 13.Bg5 Be7 14.h4 b6 15.Nd6 a5
16.Rfd1 h6 17.Bxe7 Qxe7 18.Rd4 Ba6 19.Qd2 Rad8 20.Rd1 f6 21.Nf5 Qf7 22.Ne3 Bb7
23.exf6 Qxf6 24.Ng4 Qf5 25.Re1 Nf4 26.Nxh6+ gxh6 27.Rxd8 Bxf3 28.Rxf8+ Qxf8
29.g3 Nd5 30.Qd3 Qf6 31.Rc1 Kg7 32.Rc8 Bh5 33.Rc6 Bf7 34.Qe2 Qf5 35.a3 Kf6
36.Qd2 Kg6 37.Qe2 Kf6 38.Qd2 Qh5 39.Rc4 Bg6 40.Rc8 Ke7 41.Qd4 Kd7 42.Rg8 Qf5
43.Qg7+ Bf7 44.Rf8 Ke7 45.Rb8 Kd7 46.Rf8 Ke7 47.Rb8 Kd7 48.Qf8 Kc6 49.a4 Nc7
50.Qe7 Bh5 51.Rc8 Qe5 52.Kg2 Bg6 53.Kh2 Kb7 54.Qd8 Qc5 55.Kg1 Be4 56.Kf1 Bf3  0-1

[Event "22nd Open ch-MKD"]
[Site "Struga MKD"]
[Date "2013.07.14"]
[Round "2.10"]
[White "Tuzi,Bruna"]
[Black "Tairi,K"]
[Result "1-0"]
[WhiteElo "1643"]
[BlackElo "1874"]

1.e4 c5 2.c3 Nf6 3.e5 Nd5 4.d4 cxd4 5.Nf3 Nc6 6.Bc4 e6 7.cxd4 d6 8.O-O Be7
9.Qe2 O-O 10.Nc3 Nxc3 11.bxc3 dxe5 12.dxe5 Qa5 13.Bd2 Rd8 14.Rfe1 Bd7 15.Bb3 Be8
16.Rad1 Rd7 17.h4 Rad8 18.h5 a6 19.Qe4 g6 20.hxg6 hxg6 21.Qg4 Qc5 22.Qh3 Na5
23.Ng5 Bd6 24.Qh7+ Kf8 25.exd6 Rxd6 26.Nxe6+  1-0

[Event "Universiade Women"]
[Site "Kazan RUS"]
[Date "2013.07.15"]
[Round "9.4"]
[White "Mader,Ma"]
[Black "Bodnaruk,A"]
[Result "0-1"]
[WhiteElo "2212"]
[BlackElo "2440"]

1.e4 c5 2.c3 Nf6 3.e5 Nd5 4.Nf3 Nc6 5.Bc4 Nb6 6.Bb3 c4 7.Bc2 Qc7 8.Qe2 g5
9.h3 Bg7 10.O-O Nxe5 11.Nxg5 d5 12.Re1 h6 13.Nf3 Nxf3+ 14.Qxf3 e5 15.Qg3 Bf6
16.b3 Be6 17.bxc4 O-O-O 18.Na3 Nxc4 19.Qf3 Nxa3 20.Bxa3 Bg5 21.Bc1 e4 22.Qg3 Bf4
23.Qh4 Be5 24.Rb1 f5 25.d4 Bd6 26.Bd2 Rdg8 27.Bb3 Rg6 28.Kh1 f4 29.c4 dxc4
30.Bc2 c3 31.Bc1 Bd5 32.Rb5 Qc6 33.Qh5 Rg5 34.Qe2 Bc4 35.Rxg5 Bxe2 36.Rg6 Bd3  0-1

[Event "50th Canadian Open 2013"]
[Site "Ottawa CAN"]
[Date "2013.07.15"]
[Round "4"]
[White "Miller,Ev"]
[Black "Moradiabadi,E"]
[Result "0-1"]
[WhiteElo "2272"]
[BlackElo "2551"]

1.e4 c5 2.c3 Nf6 3.e5 Nd5 4.d4 cxd4 5.Nf3 e6 6.cxd4 d6 7.a3 Bd7 8.Bd3 Bc6
9.O-O Nd7 10.Qe2 Rc8 11.b4 a6 12.Ra2 Be7 13.Rc2 O-O 14.Bd2 N5b6 15.Re1 dxe5
16.dxe5 Bd5 17.Bc1 Re8 18.Nbd2 Rxc2 19.Bxc2 Qc7 20.Bb3 Rc8 21.Bb2 Qb8 22.h3 h6
23.Qd3 Bxb3 24.Qxb3 Nd5 25.Bd4 Qc7 26.Bb2 b5 27.Rc1 Qb7 28.Rxc8+ Qxc8 29.Qd3 N7b6
30.Ne4 Nc4 31.Qb3 Qb7 32.Ned2 Qc6 33.Nxc4 bxc4 34.Qc2 c3 35.Bc1 Qc4 36.Ne1 Bd8
37.Qd3 Qb3 38.Qc2 Qc4 39.Qd3 Qc6 40.Nf3 Bb6 41.Kf1 a5 42.bxa5 Bxa5 43.Kg1 Bb6
44.Kf1 Qc5 45.Qc2 Qc4+ 46.Kg1 Bc5 47.Ne1 Bd4 48.Qd3 Qc5 49.Qe2 Qb6 50.Nf3 Qb1
51.Qf1 Bc5 52.g3 c2 53.Kg2 Nc3 54.Qc4 Qxc1 55.Qxc3 Qd1  0-1

[Event "28th Gniot Mem 2013"]
[Site "Police POL"]
[Date "2013.07.15"]
[Round "6.18"]
[White "Jacek,R"]
[Black "Schroeder,Kevin"]
[Result "1-0"]
[WhiteElo "1835"]
[BlackElo "2079"]

1.e4 c5 2.c3 Nf6 3.e5 Nd5 4.Nf3 Nc6 5.Na3 g6 6.Bc4 Nb6 7.Bb3 Bg7 8.d4 cxd4
9.cxd4 O-O 10.O-O d5 11.exd6 Qxd6 12.Nb5 Qd8 13.d5 Na5 14.d6 Nxb3 15.axb3 exd6
16.Bg5 Qd7 17.Nxd6 Bxb2 18.Ra2 Bg7 19.Re1 f6 20.Be3 Qc6 21.Bxb6 Bg4 22.Ba5 Bxf3
23.gxf3 b6 24.Rc2 Qd7 25.Qd5+ Kh8 26.Bb4 a5 27.Ba3 a4 28.Rce2 h5 29.Re7 Qh3
30.Ne8 Ra5 31.Qxa5 bxa5 32.Nxg7 Rg8 33.Ne8 Qxf3 34.R7e3 Qg4+ 35.Rg3 Qd4 36.bxa4 h4
37.Rge3 Qg4+ 38.Kh1 h3 39.Rg3 Qd7 40.Nxf6 Qc6+ 41.Ne4 Re8 42.Rxh3+ Kg8 43.Rhe3 Rb8
44.Bd6 Rd8 45.Rc3 Qd5 46.Rc5 Qe6 47.Re5 Qh3 48.Ng5 Qd3 49.Bc7 Rf8 50.Bb6 Qc2
51.Bc5 Rc8 52.Re8+ Rxe8 53.Rxe8+ Kg7 54.h4 Kf6 55.Kg2 Kf5 56.Bd4 Kg4 57.Re4+ Kh5
58.Be3 Qc6 59.Kg3 Qd6+ 60.Bf4 Qd3+ 61.Re3 Qf5 62.Ne6 Qg4+ 63.Kh2 g5 64.hxg5 Kg6
65.Bg3 Qxa4 66.Rf3 Qe4 67.Rf6+ Kh7 68.Rf7+ Kg8 69.Rf8+ Kh7 70.Re8 Qc4 71.Nf4 a4
72.g6+ Kg7 73.Re7+ Kf8 74.Rc7 Qb3 75.g7+ Kg8 76.Nh5 Qe6 77.Ra7 Qc6 78.Be5  1-0

[Event "Czech Open G1 Rapid 2013"]
[Site "Pardubice CZE"]
[Date "2013.07.17"]
[Round "2.12"]
[White "Turner,Ja"]
[Black "Jaracz,P"]
[Result "0-1"]
[WhiteElo "2362"]
[BlackElo "2531"]

1.e4 c5 2.c3 Nf6 3.e5 Nd5 4.d4 cxd4 5.Qxd4 e6 6.Nf3 Nc6 7.Qe4 Qc7 8.Nbd2 f5
9.Qe2 b6 10.g3 a5 11.Bg2 Ba6 12.c4 a4 13.O-O Bc5 14.Rd1 a3 15.Nb3 O-O 16.Ng5 axb2
17.Bxb2 Nde7 18.Nxc5 bxc5 19.Rd6 h6 20.Nh3 Bb7 21.a3 Nc8 22.Rd2 Na5 23.Rad1 Nb6
24.Bxb7 Qxb7 25.Nf4 Rf7 26.Rc2 Naxc4 27.Bc1 Qe4 28.Qxe4 fxe4 29.Re1 g5 30.Nh5 Nxe5
31.Rxe4 Nd3 32.Bb2 Nd5 33.Bc1 Kh7 34.g4 Nxc1 35.Rxc1 Rxa3 36.Re2 Nf4 37.Rd2 Nd3
38.Rb1 Ne5 39.Rc2 Nxg4 40.Ng3 c4 41.h3  0-1

[Event "Czech Open G1 Rapid 2013"]
[Site "Pardubice CZE"]
[Date "2013.07.17"]
[Round "2.37"]
[White "Kulicov,O"]
[Black "Vrublevskaya,O"]
[Result "1-0"]
[WhiteElo "2453"]
[BlackElo "2156"]

1.e4 c5 2.c3 Nf6 3.e5 Nd5 4.Nf3 d6 5.exd6 e6 6.d4 cxd4 7.c4 Nf6 8.Nxd4 Qxd6
9.Nc3 a6 10.Be3 Nc6 11.Be2 Be7 12.c5 Qc7 13.Nxc6 Qxc6 14.b4 O-O 15.O-O Rd8
16.Qc2 e5 17.Bf3 Qc7 18.Rfd1 Be6 19.Bg5 h6 20.Bxf6 Bxf6 21.Qe4 Rab8 22.Rxd8+ Bxd8
23.Nd5 Bxd5 24.Qxd5 Kh8 25.Rd1 Bf6 26.Qd7 Qxd7 27.Rxd7 e4 28.Bxe4 Re8 29.f3 a5
30.Rxb7 axb4 31.Rxb4 Bg5 32.c6 Be3+ 33.Kf1 Bf4 34.g3 Bd6 35.Rd4 Rd8 36.Ke2 Bc7
37.Rd7 Rxd7 38.cxd7 Kg8 39.Kd3 Kf8 40.Kc4 Ke7 41.Bc6 Kd6 42.Kb5 Bd8 43.a4 Kc7
44.Kc5 Be7+ 45.Kb5 Bd8 46.a5 Kb8 47.Bd5 f6 48.a6 Ka7 49.Bb7 Be7 50.Kc6 Kb8
51.Kd5 Kc7 52.Bc6 Kb6 53.Ke6 Bd8 54.Kf7 Kxc6 55.a7 Kb7 56.Ke8 Bb6 57.d8=Q Bxd8
58.Kxd8  1-0

[Event "Horsens Lang Weekend 2013"]
[Site "Horsens DEN"]
[Date "2013.07.18"]
[Round "2.5"]
[White "Sorensen,TorbenK"]
[Black "Ochsner,B"]
[Result "0-1"]
[WhiteElo "2207"]
[BlackElo "2343"]

1.e4 c5 2.c3 Nf6 3.e5 Nd5 4.d4 cxd4 5.Nf3 e6 6.Bc4 Nc6 7.O-O d6 8.cxd4 Be7
9.Qe2 O-O 10.Nc3 Nxc3 11.bxc3 dxe5 12.dxe5 Qa5 13.Bd2 Bd7 14.Bb3 Qc7 15.Qe4 Na5
16.Bc2 g6 17.Nd4 Rfd8 18.Rab1 b6 19.Bd3 Bc6 20.Nxc6 Qxc6 21.Rfd1 Rac8 22.Qxc6 Rxc6
23.Be4 Rc5 24.Bf4 g5 25.Rxd8+ Bxd8 26.Be3 Rxe5 27.Rd1 Be7 28.Rd7 Rxe4 29.Rxe7 Nc4
30.Re8+ Kg7 31.Bd4+ e5 32.f3 Re2 33.Kf1 Rxa2 34.Bxe5+ Nxe5 35.Rxe5 Kf6 36.Rd5 Rc2
37.Rd7 Rxc3 38.Rxa7 Rc2 39.Rb7 Rb2 40.Kg1 Kg6 41.h4 gxh4 42.Kh2 Rb1 43.Kh3 Rh1+
44.Kg4 h5+ 45.Kf4 Rb1 46.Rb8 Rb4+ 47.Ke5 Rb2 48.g4 h3 49.gxh5+ Kh7 50.Rd8 h2
51.Rd1 Rb5+ 52.Kd4  0-1

[Event "Czech Open G1 Rapid 2013"]
[Site "Pardubice CZE"]
[Date "2013.07.18"]
[Round "6.21"]
[White "Turner,Ja"]
[Black "Zakhartsov,Vi"]
[Result "0-1"]
[WhiteElo "2362"]
[BlackElo "2560"]

1.e4 c5 2.c3 Nf6 3.e5 Nd5 4.d4 cxd4 5.Qxd4 e6 6.Nf3 Nc6 7.Qe4 f5 8.Qe2 Qc7
9.g3 b6 10.Bg2 a5 11.O-O Ba6 12.c4 Rc8 13.b3 Nde7 14.Nc3 Ng6 15.Re1 Bc5 16.Bb2 O-O
17.Rad1 h6 18.Rd2 Rf7 19.Na4 Bb4 20.Bc3 Bf8 21.Red1 Rb8 22.h4 b5 23.h5 Nf4
24.gxf4 bxa4 25.Rb2 Bb4 26.Bxb4 Rxb4 27.Ne1 axb3 28.axb3 Qb6 29.Rdb1 Nd4
30.Qe3 Bxc4 31.Nc2 Nxc2 32.Qxb6 Rxb6 33.bxc4 Rxb2 34.Rxb2 Nb4 35.Rb1 Nd3
36.Ra1 Nxf4 37.Rxa5 Nxh5 38.c5 Nf4 39.Bf1 Ng6 40.c6 dxc6 41.Bc4 Nf4 42.Rc5 Rc7
43.Bb5 g5 44.Bxc6 Ng6  0-1

[Event "6th Paleochora Open"]
[Site "Paleochora GRE"]
[Date "2013.07.19"]
[Round "1.8"]
[White "Petousis,K"]
[Black "Tukhaev,A"]
[Result "0-1"]
[WhiteElo "1620"]
[BlackElo "2520"]

1.e4 c5 2.c3 Nf6 3.e5 Nd5 4.d4 cxd4 5.cxd4 d6 6.Nf3 Nc6 7.Bc4 dxe5 8.dxe5 Ndb4
9.a3 Qxd1+ 10.Kxd1 Na6 11.Bf4 Bg4 12.Nd2 e6 13.Re1 Nc7 14.Ke2 Nd4+ 15.Kd3 Bxf3
16.gxf3 O-O-O 17.Kc3 b5 18.Ba2 b4+ 19.axb4 Nc6 20.Re4 Bxb4+ 21.Kc2 Nd4+ 22.Kc1 f5
23.exf6 gxf6 24.Bc4 f5 25.Re1 Bxd2+ 26.Bxd2 Nxf3 27.Re2 Rhg8 28.Rxa7 Rg1+
29.Kc2 Nd4+ 30.Kc3 Ncb5+  0-1

[Event "Czech Open B 2013"]
[Site "Pardubice CZE"]
[Date "2013.07.19"]
[Round "1.8"]
[White "Umanec,F"]
[Black "Chmelik,J"]
[Result "1-0"]
[WhiteElo "2283"]
[BlackElo "2008"]

1.e4 c5 2.c3 Nf6 3.e5 Nd5 4.Nf3 e6 5.Bc4 Nb6 6.Bb3 d6 7.O-O Nc6 8.Qe2 Be7
9.d4 O-O 10.dxc5 dxc5 11.Nbd2 Qc7 12.Re1 Re8 13.Nf1 Nd7 14.Ng3 Nf8 15.h4 Bd7
16.Bc2 Rad8 17.Bg5 h6 18.Bxh6 gxh6 19.Qe3 Nxe5 20.Nxe5 Bd6 21.Ng4 Bf4 22.Nf6+ Kh8
23.Nxe8 Bxe8 24.Qf3 Rd2 25.Re2 Bc6 26.Be4 Rxe2 27.Nxe2 Bxe4 28.Qxf4 Qxf4
29.Nxf4 Nd7 30.Rd1 Nf6 31.f3 Bc6 32.Nd3 Nd7 33.Kf2 Kg7 34.Ke3 Kf6 35.Nf2 Ke7
36.Ng4 h5 37.Nf2 Nb6 38.Nd3 Nd5+ 39.Kf2 b6 40.c4 Nf6 41.Ke3 Be8 42.Kf4 Ng8
43.Nf2 f6 44.Ne4 Nh6 45.g4 e5+ 46.Kg3 hxg4 47.fxg4 f5 48.Nf2 fxg4 49.Re1 Nf5+
50.Kxg4 Ke6 51.Nd3  1-0

[Event "15th TCh-Eur Senior"]
[Site "Dresden GER"]
[Date "2013.07.20"]
[Round "1"]
[White "Gabriel,Wolfr"]
[Black "Gross,W"]
[Result "0-1"]
[WhiteElo "1733"]
[BlackElo "2223"]

1.e4 c5 2.c3 Nf6 3.e5 Nd5 4.Nf3 Nc6 5.a3 d6 6.d4 cxd4 7.cxd4 Bg4 8.Qb3 Nb6
9.Bb5 a6 10.Bxc6+ bxc6 11.O-O d5 12.Qc3 Bd7 13.Nbd2 e6 14.b4 Be7 15.Nb3 O-O
16.Ra2 Nc4 17.Nfd2 a5 18.Nc5 axb4 19.Qxb4 Nxd2 20.Bxd2 Qc7 21.Qc3 Rfb8 22.Rc1 Be8
23.a4 Qa7 24.Rca1 Bxc5 25.dxc5 Rb7 26.a5 Qa6 27.h3 Rab8 28.Re1 Rb3 29.Qd4 Kh8
30.Rd1 Rd3 31.Qf4 h6 32.Kh2 Qa7 33.Rc1 Rb5 34.Rca1 Qxc5 35.a6 Qa7 36.Ra3 Rxa3
37.Rxa3 c5 38.Qh4 Kh7 39.Qd8 Rb8 40.Qd6 Bb5 41.Ba5 Bxa6 42.Bc7 Rc8 43.Bd8 Qb8
44.Rxa6 Rxd8 45.Qxc5 Qxe5+ 46.g3 Rd7 47.Ra3 Rc7 48.Qb5 Qe4 49.Ra1 Rc2 50.Kg1 Rxf2  0-1

[Event "15th TCh-Eur Senior"]
[Site "Dresden GER"]
[Date "2013.07.21"]
[Round "2"]
[White "Watzka,H"]
[Black "Strutinskaya,G"]
[Result "1/2-1/2"]
[WhiteElo "2273"]
[BlackElo "2300"]

1.e4 c5 2.c3 Nf6 3.e5 Nd5 4.d4 cxd4 5.Nf3 Nc6 6.Bc4 Nf6 7.Bb3 d6 8.exd6 Qxd6
9.O-O Bf5 10.Nxd4 Nxd4 11.cxd4 e6 12.Nc3 Be7 13.Qf3 Qd7 14.d5 e5 15.Re1 Bd6
16.a4 O-O 17.a5 Bg4 18.Qg3 Rac8 19.f4 exf4 20.Bxf4 Bxf4 21.Qxf4 Bh5 22.Rac1 Nxd5
23.Nxd5  1/2-1/2

[Event "15th TCh-Eur Senior"]
[Site "Dresden GER"]
[Date "2013.07.21"]
[Round "2"]
[White "Kluger,H"]
[Black "Walther,D"]
[Result "1/2-1/2"]
[WhiteElo "1950"]
[BlackElo "2159"]

1.e4 c5 2.c3 Nf6 3.e5 Nd5 4.Nf3 Nc6 5.d3 g6 6.Qb3 e6 7.Bg5 Qc7 8.c4 Nb6 9.Bf6 Rg8
10.Nc3 a6 11.Ne4 Be7 12.Be2 Nd4 13.Nxd4 cxd4 14.O-O d5 15.exd6 Bxd6 16.Bxd4 Bxh2+
17.Kh1 Nd7 18.Qa3 f5 19.Bf6 Nf8 20.g3 fxe4 21.Kxh2 exd3 22.Qxd3 Bd7 23.Bf3 Bc6
24.Bxc6+ Qxc6  1/2-1/2

[Event "15th TCh-Eur Senior"]
[Site "Dresden GER"]
[Date "2013.07.21"]
[Round "2"]
[White "Waterfield,J"]
[Black "Valenti,G"]
[Result "1/2-1/2"]
[WhiteElo "1980"]
[BlackElo "2185"]

1.e4 c5 2.c3 Nf6 3.e5 Nd5 4.Bc4 Nb6 5.Bb3 d5 6.exd6 Qxd6 7.Nf3 Nc6 8.O-O Bf5
9.d4 e6 10.Na3 a6 11.Be3 Bg4 12.dxc5 Qxd1 13.Raxd1 Bxf3 14.gxf3 Nd7 15.Nc4 Nxc5
16.Bc2 Rd8 17.b4 Nd7 18.a4 Be7 19.b5 axb5 20.axb5 Nce5 21.Nxe5 Nxe5 22.Be4 O-O
23.f4 Nc4 24.Bxb7 Nxe3 25.fxe3 Bc5 26.Kf2 f5 27.Ke2 Kf7 28.Rxd8 Rxd8 29.Ra1 Ke7
30.Ra6 Rb8 31.Bc6 g6 32.c4 Bb6 33.Ra8 Rxa8 34.Bxa8 Kd6 35.Kd3 Bc5 36.Bc6 h6
37.h3 g5 38.fxg5 hxg5 39.Bf3 Bb6 40.e4 Ba5 41.exf5 exf5 42.Kd4 Bb6+ 43.Kd3 Ba5
44.Kd4 Bb6+  1/2-1/2

[Event "Karpacz Open 2013"]
[Site "Karpacz POL"]
[Date "2013.07.23"]
[Round "2.10"]
[White "Piela,Dominik"]
[Black "Sowa,Mart"]
[Result "1/2-1/2"]
[WhiteElo "1478"]
[BlackElo "1751"]

1.e4 c5 2.c3 Nf6 3.e5 Nd5 4.d4 cxd4 5.cxd4 e6 6.Nc3 Nxc3 7.bxc3 d6 8.f4 Bd7
9.Nf3 f6 10.Bd3 Nc6 11.O-O Qc7 12.exf6 gxf6 13.Re1 O-O-O 14.d5 exd5 15.Nd4 Nxd4
16.cxd4 f5 17.Qb3 Kb8 18.Be3 h5 19.Rab1 Bg7 20.Rec1 Bc6 21.Rc2 Rhe8 22.Bb5 Ka8
23.Rbc1 Qe7 24.Bf2 Bxb5 25.Qxb5 Rb8 26.Rc7 Qf6 27.Qxd5 Re7 28.Rc8 Re8 29.Rxe8 Rxe8
30.Rc7 Rb8 31.Qf7 Qxf7 32.Rxf7 Rc8 33.Rxg7 Rc1+ 34.Be1 Rxe1+ 35.Kf2 Re8 36.Rf7 b6
37.Rxf5 Re4 38.d5 b5 39.Rf6 Kb7 40.Kf3 Ra4 41.Rxd6 Rxa2 42.Rd7+ Kc8 43.Rg7 b4
44.Rg8+ Kc7 45.Rg7+ Kc8 46.Rg8+ Kc7 47.Rg7+ Kc8  1/2-1/2

[Event "28th Avoine Open"]
[Site "Avoine FRA"]
[Date "2013.07.24"]
[Round "5.7"]
[White "Bonnaud,R"]
[Black "Braeuning,R"]
[Result "0-1"]
[WhiteElo "2197"]
[BlackElo "2385"]

1.e4 c5 2.c3 Nf6 3.e5 Nd5 4.d4 cxd4 5.Bc4 Qc7 6.Qe2 Nb6 7.Bd3 Nc6 8.Nf3 d5
9.exd6 Qxd6 10.cxd4 Bg4 11.Be3 g6 12.Nc3 Bg7 13.Rd1 O-O 14.O-O Rfd8 15.Bc2 Rac8
16.h3 Be6 17.a3 Bc4 18.Bd3 Bxd3 19.Rxd3 Nd5 20.Rfd1 Nxc3 21.Rxc3 e5 22.Qb5 exd4
23.Qxb7 Qe6 24.Rcd3 dxe3 25.Rxd8+ Rxd8 26.Rxd8+ Nxd8 27.Qxa7 Bxb2 28.fxe3 Nc6  0-1

[Event "36th Taminco Open"]
[Site "Ghent BEL"]
[Date "2013.07.24"]
[Round "9.17"]
[White "Feelders,A"]
[Black "Roos,Ad"]
[Result "0-1"]
[WhiteElo "2045"]
[BlackElo "2201"]

1.e4 c5 2.c3 Nf6 3.e5 Nd5 4.Nf3 e6 5.d4 cxd4 6.cxd4 d6 7.Bc4 Nb6 8.Bd3 Nc6
9.a3 dxe5 10.dxe5 Nd7 11.Qe2 Ndxe5 12.Nxe5 Nxe5 13.Bc2 Nc6 14.Be3 Be7 15.O-O O-O
16.Rd1 Qa5 17.Nc3 Kh8 18.b4 Qe5 19.Na4 Bf6 20.Rac1 Ne7 21.f4 Qb8 22.g4 Nd5
23.g5 Nxf4 24.Bxf4 Qxf4 25.gxf6 Qxf6 26.Be4 Qg5+ 27.Kh1 f5 28.Bf3 Re8 29.Qe5 Qf6
30.Qxf6 gxf6 31.Rc7 e5 32.Bh5 Rf8 33.Rg1 Be6 34.Bf3 e4 35.Bg2 b6 36.Rgc1 Rfe8
37.Nc3 a5 38.b5 Rad8 39.Ne2 Bg8 40.a4 Rd2 41.Nf4 e3 42.Kg1 Rd4 43.Nh5 Re6
44.Rb7 Rh4 45.Bf3 Rxa4 46.Bd5 Rg4+ 47.Kf1 e2+ 48.Kf2  0-1

[Event "28th Avoine Open"]
[Site "Avoine FRA"]
[Date "2013.07.25"]
[Round "6.43"]
[White "Kaulich,P"]
[Black "Daniel,Jea"]
[Result "1-0"]
[WhiteElo "2079"]
[BlackElo "1803"]

1.e4 c5 2.c3 Nf6 3.e5 Nd5 4.d4 e6 5.f4 cxd4 6.cxd4 b6 7.Nf3 Bb7 8.Nc3 Nxc3
9.bxc3 Qc7 10.Bd2 Be7 11.Bd3 O-O 12.Ng5 Bxg5 13.fxg5 Bxg2 14.Rg1 Qb7 15.Qg4 Bf3
16.Qh4 g6 17.Rg3 Bh5 18.Be4 Nc6 19.Rh3 d5 20.Bf3 f5 21.gxf6 Bxf3 22.Rxf3 Nxe5
23.dxe5 d4 24.Qg4 dxc3 25.Bxc3 Qd5 26.Rd1 Qxa2 27.Rd7 Qb1+ 28.Kf2 Qc2+ 29.Kg1 Qa2
30.Qh4  1-0

[Event "III Brazil Maringa Open"]
[Site "Maringa BRA"]
[Date "2013.07.25"]
[Round "2.8"]
[White "Moura De Lima,Wilian Rither De"]
[Black "Supi,L"]
[Result "0-1"]
[WhiteElo "1948"]
[BlackElo "2327"]

1.e4 c5 2.c3 Nf6 3.e5 Nd5 4.d4 cxd4 5.Nf3 Nc6 6.cxd4 g6 7.Nc3 Nxc3 8.bxc3 Bg7
9.Bf4 d6 10.exd6 exd6 11.Bd3 O-O 12.O-O Ne7 13.Rb1 b6 14.Re1 Nd5 15.Bd2 Qc7
16.Qb3 Nf6 17.Bf4 Bb7 18.Ng5 Rac8 19.Rbc1 Qd7 20.f3 Nh5 21.Bd2 d5 22.Qa3 Qc6
23.Nh3 Rfe8 24.Qb2 Qd7 25.a4 Bc6 26.Bb5 Nf6 27.Nf2 Rxe1+ 28.Rxe1 Re8 29.Bxc6 Qxc6
30.Qb5 Rxe1+ 31.Bxe1 Qxb5 32.axb5 Ne8 33.Nd3 Nc7 34.Kf2 Bf8 35.Ke2 Nxb5 36.Ne5 f6
37.Nd7 Kf7 38.Nb8 Bd6 39.Nc6 Ke6 40.Kd3 Kd7 41.Nb4 Bxb4 42.cxb4 Kc6 43.g4 Nc7
44.Kc3 Kb5 45.Bg3 Ne6 46.Bb8 a6 47.h4 Kc6 48.Bg3 f5 49.Be5 Kb5 50.h5 fxg4
51.hxg6 hxg6 52.fxg4 Ng5 53.Bf4 Ne4+ 54.Kb3 Nf2 55.Bd6  0-1

[Event "Czech Open B 2013"]
[Site "Pardubice CZE"]
[Date "2013.07.25"]
[Round "7.4"]
[White "Mammadova,Narmin"]
[Black "Nikolaev,L"]
[Result "0-1"]
[WhiteElo "1961"]
[BlackElo "2293"]

1.e4 c5 2.c3 Nf6 3.e5 Nd5 4.Nf3 g6 5.d4 cxd4 6.cxd4 Bg7 7.Nc3 Nxc3 8.bxc3 O-O
9.Be2 d6 10.Bf4 dxe5 11.Nxe5 Nd7 12.Nf3 Qa5 13.Qd2 e5 14.dxe5 Nxe5 15.Nxe5 Bxe5
16.Bxe5 Qxe5 17.O-O Be6 18.Bf3 Rad8 19.Qb2 b6 20.Rfe1 Qc5 21.Red1 Rxd1+ 22.Rxd1 Rc8
23.Rc1 Rd8 24.Rd1 Rxd1+ 25.Bxd1 Qe5 26.Be2 Bg4 27.f3 Qe3+ 28.Kf1 Be6 29.a3 h5
30.Qb4 a5 31.Qb2 h4 32.h3 Kh7 33.Qc2 Kh6 34.Ke1 Kg5 35.Qd2 Qxd2+ 36.Kxd2 Kf4
37.Ke1 Ke3 38.Bb5 g5 39.Be2 f5 40.Bb5 g4 41.fxg4 fxg4 42.hxg4 Bxg4 43.Ba6 Be6
44.Bb5 Bd5 45.Kf1 Be4 46.Kg1 Bd3 47.c4 Kd4 48.Kh2 Bxc4 49.Bd7 b5 50.Kh3 Kc3
51.Kxh4 Kb3 52.g4 Kxa3 53.g5 b4 54.g6 b3 55.Bf5 Ka2 56.Kg5 b2 57.Kf4 b1=Q
58.Bxb1+ Kxb1 59.Ke4 Kb2 60.Kd4 Kb3  0-1

[Event "39th Sitges Open"]
[Site "Sitges ESP"]
[Date "2013.07.25"]
[Round "4.8"]
[White "Canal Oliveras,J"]
[Black "Firman,N"]
[Result "0-1"]
[WhiteElo "2257"]
[BlackElo "2526"]

1.e4 c5 2.c3 Nf6 3.e5 Nd5 4.d4 cxd4 5.Nf3 e6 6.cxd4 b6 7.Nc3 Bb7 8.Bd3 Na6
9.O-O Nab4 10.Bg5 Qc7 11.Rc1 Nxd3 12.Qxd3 Ba6 13.Nb5 Qb7 14.Nd2 f6 15.Be3 f5
16.Nf3 Be7 17.a4 h6 18.Rc4 O-O 19.Rfc1 Bxb5 20.axb5 a6 21.Ra4 Nb4 22.Qb3 a5
23.Bd2 Rfc8 24.Raa1 Qd5 25.Qxd5 Nxd5 26.Kf1 g5 27.Ke2 Kf7 28.Ne1 Kg6 29.Kd3 Bb4
30.g3 Bxd2 31.Kxd2 Nc7 32.b4 Nxb5 33.Rxc8 Rxc8 34.Nc2 axb4 35.Nxb4 Nxd4 36.Ra6 Nf3+
37.Ke2 Nxe5 38.Rxb6 f4 39.gxf4 gxf4 40.Rb5 d5 41.Rb6 Kf5  0-1

[Event "15th TCh-Eur Senior"]
[Site "Dresden GER"]
[Date "2013.07.26"]
[Round "7"]
[White "Kluger,H"]
[Black "Staudte,R"]
[Result "0-1"]
[WhiteElo "1950"]
[BlackElo "1919"]

1.e4 c5 2.c3 Nf6 3.e5 Nd5 4.Nf3 e6 5.d4 cxd4 6.Qxd4 Nc6 7.Qg4 d6 8.Bb5 a6
9.Bxc6+ bxc6 10.exd6 Qxd6 11.O-O Nf6 12.Qa4 Qc5 13.Be3 Qb5 14.Qc2 Be7 15.Nd4 Qb7
16.Nd2 O-O 17.N4b3 Qc7 18.h3 c5 19.c4 Bb7 20.Qc3 Ne4 21.Qa5 Qxa5 22.Nxa5 Nxd2
23.Bxd2 Be4 24.Rfe1 Bf5 25.Bc3 Rac8 26.Rad1 Bf6 27.Bxf6 gxf6 28.Rd6 Ra8 29.Red1 Kg7
30.Rc6 Rfd8 31.Rxd8 Rxd8 32.Rxa6 Rd1+ 33.Kh2 Rd2 34.Rb6 Rxf2 35.Kg3 Rc2 36.a3 Be4
37.Kf4 Bxg2 38.b4 Rc3 39.bxc5 e5+ 40.Kg4 Bxh3+ 41.Kh4 Rxa3 42.Nb7 Bf5  0-1